| 000 | 00655nam a2200193Ia 4500 | ||
|---|---|---|---|
| 003 | GCL | ||
| 008 | 140319s9999 xx 000 0 ara d | ||
| 040 |
_aGCL / _cGCL |
||
| 082 | 0 | 4 |
_a355.4 _bج ج |
| 100 | 1 | _aجمال الغيطانى | |
| 245 | 1 | 0 |
_aالجيش العراقى حراس البوابة الشرقية من حرب تشرين اول (اكتوبر) الى حرب الشمال / _cجمال الغيطانى |
| 300 | _a187 ص | ||
| 490 |
_a100 قصة _v0 |
||
| 650 | 0 | 4 | _aالحرب - معارك |
| 650 | 0 | 4 | _aحرب الخليج الاولى |
| 650 | 0 | 4 | _aحرب اكتوبر 1973 |
| 650 | 0 | 4 | _aالعراق - الجيش |
| 942 |
_2ddc _cBK |
||
| 999 |
_c45055 _d45055 |
||